000 00430nam a2200169Ia 4500
003 OSt
005 20260323101114.0
008 211028s2018 xx 000 0 und d
040 _cAIMIT LIBRARY
041 _aeng
100 _aBhat, Prakshith;Vijayakumar, Suchetha.
_g161836
_95196
110 _aSrinivas B L.
_95197
245 _aVijaya Quick /
260 _aMangaluru
_c2018
710 _aEBIX.BIOZ
_95198
942 _2ddc
_cPRO
999 _c217825
_d217825